Logo quiz - litera L - Statystyki

Ogólne statystyki
  • Ten quiz został rozwiązany 26 razy
  • Średni wynik to 21 z 26
Statystyki odpowiedzi
Obrazkowy Hint Odpowiedź % Poprawnych
Zabawki Lego
100%
Elektronika LG
100%
Loteria Lotto
100%
Jedzenie Lay's
96%
Sklep spożywczy Lidl
96%
Napój Lipton
96%
Marka samochodów Lamborghini
91%
Piłka nożna Legia Warszawa
91%
Sklep spożywczy Lewiatan
91%
Partia polityczna Lewica
91%
Napój Lech
87%
Sklep budowlany Leroy Merlin
87%
Marka odzieżowa Levi's
87%
Marka samochodów Lexus
87%
Elektronika Lenovo
83%
Stacja paliw Lotos
83%
Chemia Ludwik
83%
Marka odzieżowa Lacoste
78%
Marka samochodów Land Rover
74%
Piłka nożna Lech Poznań
70%
Kosmetyki Loreal
70%
Piłka nożna Lechia Gdańsk
65%
Piłka nożna Liverpool F.C
65%
Marka odzieżowa Louis Vuitton
61%
Marka samochodów Lancia
57%
Elektronika Logitech
35%
Nie znaleziono quizów pasujących do podanych kryteriów
Rozkład punktacji
Procent ludzi z każdym wynikiem
Percentyl według liczby udzielonych odpowiedzi
Twoja historia wyników
Nie rozwiązałeś tego quizu